000 00808nam a2200253Ia 4500
003 OSt
005 20220923211451.0
006 a|||||r|||| 00| 0
007 ta
008 Pun
020 _a9789350687642 (hbk)
_c350
024 _a290,292
037 _b966, 16/12/2015, H.K. Prakashan
_cTextual
040 _aARTS
_cARTS
_bPun
041 _2Pun
_aPun
082 _aY15z7, 153Q4
100 _aਪ੍ਰਵੀਨ ਕੁਮਾਰ
245 0 _aਪੰਜਾਬੀ ਕਵਿਤਾ ਤੇ ਉੱਤਰ ਨਾਰੀਵਾਦ
260 _aਚੰਡੀਗੜ
_b ਲੋਕਗੀਤ
_c2014
300 _a216ਪੰ
_ccm.
650 _aਸਮਾਜ Fਾਸਤਰ
942 _hY15z7, 153Q4
_cTEXL
_2CC
999 _c299806
_d299806